Racionalizácia skladového hospodárstva v konkrétnych podmienkach priemyslu záverečná práca postgraduálneho štúdia

Enregistré dans:
Détails bibliographiques
Auteur principal: Slivka, Miroslav
Collectivité auteur: Vysoká škola ekonomická v Bratislave
Autres auteurs: Kupkovič, Milan
Format: Livre
Langue:slovaque
Publié: Bratislava 1990
Tags: Ajouter un tag
Pas de tags, Soyez le premier à ajouter un tag!

MARC

LEADER 00000nam a2200000 4500
001 c034777
005 20260108101141.3
041 0 |a slo 
044 |a SK 
245 1 0 |a Racionalizácia skladového hospodárstva v konkrétnych podmienkach priemyslu  |b záverečná práca postgraduálneho štúdia  |c Miroslav Slivka ; Ved. práce Milan Kupkovič 
264 1 |a Bratislava  |c 1990 
300 |a 41 s. 
100 1 |a Slivka, Miroslav 
700 1 |a Kupkovič, Milan 
710 2 |a Vysoká škola ekonomická v Bratislave